| 000 | 00654nam a22001937a 4500 | ||
|---|---|---|---|
| 005 | 20260325122124.0 | ||
| 008 | 260325b |||||||| |||| 00| 0 eng d | ||
| 020 | _a9789384564193 | ||
| 040 | _cVITAP | ||
| 082 |
_223rd Ed. _a294.5924 PRA |
||
| 100 |
_aPrabhupada, A. C. Bhaktivedanta Swami _917352 |
||
| 245 |
_aBhagavad Gita : As It Is _c/ A. C. Bhaktivedanta Swami Prabhupada |
||
| 250 | _a2nd Ed. | ||
| 260 |
_aMumbai _bBhaktivedanta Book Trust _c2022 |
||
| 300 | _axx, 924p. : ill. ; 22cm | ||
| 500 | _aIt includes Index Pages. | ||
| 650 | 0 |
_aBhagavadgīta; Hinduism; Vedic Knowledge; Lord Krsihna; Karma Yoga _2 _917353 |
|
| 942 |
_2ddc _cREF |
||
| 999 |
_c47381 _d47381 |
||